Statistiques concernant Pokémon - Attaques de type Insecte

Cliquez ici pour prendre le quiz!

Statistiques générales

  • Ce quiz a été pris 992 fois
    (179 depuis la dernière actualisation)
  • Le résultat moyen est 16 sur 31

Statistiques - réponses

GénérationAttaque% Correct
4Bourdon
81%
1Sécrétion
80%
4Piqûre
71%
5Survinsecte
68%
2Toile
68%
4Plaie Croix
67%
1Vampirisme
67%
5Papillodanse
66%
4Appel Défense
64%
4Appel Attak
63%
4Demi-Tour
63%
2Mégacorne
58%
1Dard-Nuée
57%
4Appel Soins
56%
6Toile Gluante
56%
2Taillade
55%
1Double Dard
54%
3Vent Argenté
52%
7Escarmouche
50%
6Harcèlement
46%
7Furie-Bond
40%
6Dard Mortel
39%
3Lumi-Queue
35%
7Boule Pollen
34%
5Poudre Fureur
34%
3Rayon Signal
33%
8Ravage Rampant
30%
9Bond
28%
5Bulldoboule
28%
6Nuée de Poudre
28%
9Piège de Fil
20%

Distribution des résultats

Percentile par nombre de réponses

% des personnes avec chaque résultat

Votre développement - résultats

Vous n’avez pas pris ce quiz depuis la dernière actualisation